Propuesta para las instalaciones educativas para la Escuela Azul, Turrialba

Uloženo v:
Podrobná bibliografie
Hlavní autor: Zamora Aguilar, Manuel
Další autoři: Vega Vargas, Miguel Director del TFG
Médium: Neznámo
Jazyk:Spanish
Vydáno: [San José , Costa Rica] 2107
Témata:
Tagy: Přidat tag
Žádné tagy, Buďte první, kdo vytvoří štítek k tomuto záznamu!

MARC

LEADER 00000 a2200000 4500
003 EA0170
005 20230227110636.0
008 140114s2017 cr a 000 ||spa d
040 |c cru CEDI 
090 |a TFG EA-170 
100 |a Zamora Aguilar, Manuel  |9 20321 
245 |a Propuesta para las instalaciones educativas para la Escuela Azul, Turrialba  
260 |a [San José , Costa Rica]  |c 2107 
500 |a Proyecto de graduación (licenciatura en arquitectura)--Universidad de Costa Rica. Facultad de Ingeniería. Escuela de Arquitectura 
501 |a Director de Proyecto de Graduación: Arq. Miguel Vega Vargas 
650 |x ESCUELA AZUL (TURRIALBA, CARTAGO, COSTA RICA)   |x ESCUELA AZUL (TURRIALBA, CARTAGO, COSTA RICA) - DISEÑOS Y PLANOS   |x DISEÑO ARQUITECTONICO - TURRA RICA) - DISEÑOS Y PLANOS   |x CONSTRUCCIONES ESCOLARES - TURRIALBA (CARTAGO, COSTA RICA) - DISEÑOS Y PLANOS   |x TURRIALBA (CARTAGO, COSTA RICA) - CONDICIONES ECONOMICAS  |x TURRIALBA (CARTAGO, COSTA RICA) - CONDICIONES SOCIALES   |9 20322 
700 |9 95  |a Vega Vargas, Miguel   |d Director del TFG  
942 |c CEDI 
999 |c 11795  |d 11795